000 00794nam a22001697a 4500
003 OSt
005 20251124160406.0
008 251124b |||||||| |||| 00| 0 eng d
040 _cDCL
082 _a၂၉၄.၃၈၂၂
130 _aတိပိဋက။
_pဝိနယပိဋက။
_tဝိနယသင်္ဂဟ၊
_lအဋ္ဌကထာ။
245 _aဝိနယသင်္ဂဟဋ္ဌကထာ။
264 _aရန်ကုန် ၊
_bနိုင်ငံတော်ဗုဒ္ဓသာသနာအဖွဲ့၊
_c၁၉၆၀။
300 _a၄၆၈ စာမျက်နှာ ၊
_c၂၅ စင်တီ။
650 _aဝိနယပိဋက
_vဝိနယသင်္ဂဟာ အဋ္ဌကထာ။
942 _2ddc
_cSHORT TERM
_n0
999 _c2606
_d2606